[Event "Schoenenwerd Weekend op"]
[Site "Schoenenwerd"]
[Date "2012.02.12"]
[Round "4"]
[White "Kurschat, Serge"]
[Black "Huber, Ruth"]
[Result "0-1"]
[WhiteElo "1840"]
[BlackElo "1666"]
[PlyCount "170"]
[EventDate "2012.02.10"]
[EventType "swiss"]
[EventRounds "5"]
[EventCountry "SUI"]
[SourceTitle "EXT 2022"]
[Source "ChessBase"]
[SourceDate "2021.10.06"]
[SourceVersion "1"]
[SourceVersionDate "2021.10.06"]
[SourceQuality "1"]

1. d4 g6 2. Nf3 Bg7 3. Bg5 c5 4. e3 Nf6 5. c3 cxd4 6. exd4 0-0 7. Nbd2 d6 8. Be2 a6 9. 0-0 b5 10. Re1 Bb7 11. Bd3 Nbd7 12. Ne4 Nxe4 13. Bxe4 Bxe4 14. Rxe4 Nf6 15. Re1 Re8 16. h3 Rc8 17. Qd3 Qd7 18. Rac1 Qb7 19. a3 Rc7 20. Nd2 d5 21. Bf4 Rcc8 22. Be5 Nd7 23. Bxg7 Kxg7 24. Nb3 Qc7 25. Qf3 e6 26. h4 h5 27. Qd3 Qc4 28. Qxc4 bxc4 29. Nd2 Rb8 30. Rb1 Rb6 31. b3 cxb3 32. Nxb3 Rc8 33. Nd2 Rxc3 34. a4 Rxb1 35. Rxb1 Ra3 36. Rb7 Nf6 37. Nf3 Ra1+ 38. Kh2 Rxa4 39. Ne5 Ng4+ 40. Nxg4 hxg4 41. Ra7 Kf6 42. Kg3 Rxd4 43. Rxa6 Rc4 44. Ra3 Kf5 45. f3 Rf4 46. Ra7 f6 47. Ra5 gxf3 48. gxf3 Rc4 49. Rb5 Rc7 50. Rb4 e5 51. Rb5 Rd7 52. Rb4 Ke6 53. Rg4 Kf7 54. Ra4 d4 55. Ra1 d3 56. Rd1 d2 57. Kf2 Rd4 58. Ke3 Rxh4 59. Rxd2 g5 60. Rg2 Ke6 61. Rg1 Kf5 62. Rf1 Rf4 63. Kd3 Rd4+ 64. Ke3 Rb4 65. Rg1 Rb3+ 66. Ke2 e4 67. fxe4+ Kxe4 68. Kf2 Rf3+ 69. Ke2 Rf4 70. Re1 Kf5 71. Kd3 Kg6 72. Ke3 Kf5 73. Kd3 g4 74. Re8 Rf3+ 75. Ke2 Rb3 76. Kf2 Kf4 77. Re2 f5 78. Rc2 Re3 79. Rc4+ Re4 80. Rc3 Rb4 81. Ra3 Rb2+ 82. Kf1 g3 83. Kg1 Kg4 84. Ra1 f4 85. Ra8 Rb1+ 0-1

[Event "Schoenenwerd Weekend op"]
[Site "Schoenenwerd"]
[Date "2012.02.10"]
[Round "1"]
[White "Molina, Roberto Junio Brito"]
[Black "Kurschat, Serge"]
[Result "1-0"]
[WhiteElo "2415"]
[BlackElo "1840"]
[PlyCount "89"]
[EventDate "2012.02.10"]
[EventType "swiss"]
[EventRounds "5"]
[EventCountry "SUI"]
[SourceTitle "EXT 2022"]
[Source "ChessBase"]
[SourceDate "2021.10.06"]
[SourceVersion "1"]
[SourceVersionDate "2021.10.06"]
[SourceQuality "1"]

1. d4 d5 2. c4 c6 3. Nf3 Nf6 4. Nc3 Qb6 5. e3 Bf5 6. Be2 e6 7. Nh4 Bg6 8. 0-0 Be7 9. Nxg6 hxg6 10. g3 Nbd7 11. c5 Qd8 12. f4 0-0 13. b4 b6 14. Bd2 b5 15. a4 a6 16. Qb3 Qc7 17. Ra2 Qb7 18. Rfa1 Rfb8 19. Ra3 Ne8 20. axb5 axb5 21. Rxa8 Rxa8 22. Rxa8 Qxa8 23. Nxb5 cxb5 24. Bxb5 Nef6 25. Qa4 Qxa4 26. Bxa4 Bd8 27. b5 Ne4 28. Bb4 Nb6 29. cxb6 Bxb6 30. Bc2 Nf6 31. Bc5 Nd7 32. Bb4 f5 33. Kf2 Kf7 34. Kf3 Kf6 35. g4 Kf7 36. h3 Kf6 37. Bd3 Kf7 38. Kf2 Ke8 39. Be2 Kf7 40. Bf3 Kf6 41. Ke2 Kf7 42. Kd3 Ke8 43. gxf5 gxf5 44. Bh5+ Kd8 45. Bd6 1-0